| 000 | 01451cam a2200433Ia 4500 | ||
|---|---|---|---|
| 001 | 50699 | ||
| 005 | 20230411090004.0 | ||
| 008 | 041019s2004 mx a b 000 0 spa d | ||
| 035 | _a(OCoLC)ocm57058851 | ||
| 040 |
_aPL# _cPL# _dCGU _dOCL _dBTCTA _dYDXCP |
||
| 020 | _a968190964X | ||
| 020 | _a9789681909642 | ||
| 029 | 0 |
_aPL# _b968190964X |
|
| 029 | 1 |
_aNLGGC _b277958393 |
|
| 035 | _a(OCoLC)57058851 | ||
| 043 |
_an-mx--- _an-us--- |
||
| 090 |
_aF1392.A1 _bA485 2004 |
||
| 049 | _aGRAL | ||
| 100 | 1 |
_aAguilar Rivera, José Antonio, _d1968- |
|
| 245 | 1 | 3 |
_aEl sonido y la furia : _bla persuasión multicultural en México y Estados Unidos / _cJoséAntonio Aguilar Rivera. |
| 250 | _a1 ed. | ||
| 260 |
_aMéxico, D.F. ; _aMiami, Fl. : _bSantillana Ediciones Generales, _cc2004. |
||
| 300 |
_a292 p. : _bill. ; _c24 cm. |
||
| 490 | 1 | _aTaurus | |
| 504 | _aIncludes bibliographical references. | ||
| 650 | 0 |
_aMulticulturalism _zMexico. |
|
| 650 | 0 |
_aMulticulturalism _zUnited States. |
|
| 651 | 0 |
_aMexico _xRace relations. |
|
| 651 | 0 |
_aUnited States _xRace relations. |
|
| 653 |
_aMulticulturalismo _aMâexico. |
||
| 653 |
_aMulticulturalismo _aEstados Unidos. |
||
| 653 | _aIdentidad. | ||
| 830 | 0 | _aTaurus (Mexico City, Mexico) | |
| 938 |
_aPuvill Libros _bPUVL _n968190964X _c$65.50 |
||
| 938 |
_aBaker and Taylor _bBTCP _nBK0006250787 |
||
| 938 |
_aYBP Library Services _bYANK _n2690081 |
||
| 942 |
_2lcc _cbk |
||
| 994 |
_aC0 _bDRFGD |
||
| 999 |
_c110502 _d110502 |
||